Cartilla de fórmulas de abonos para distintos cultivos / Cámara Agrícola Oficial de Valencia
Descripción Física:
69 p. ; 16 cm
Materias:
Conreu -- Adobs
MARC
| LEADER | 00000nam a2200000Ia 4500 | ||
|---|---|---|---|
| 001 | 20770 | ||
| 008 | 160829s1898 xx 000 0 cat d | ||
| 080 | |a 1946, exp. 5 | ||
| 100 | |a Cámara Agrícola Oficial de la Provincia de Valencia |9 48139 | ||
| 245 | |a Cartilla de fórmulas de abonos para distintos cultivos / Cámara Agrícola Oficial de Valencia | ||
| 260 | |a Valencia : |b Imprenta de Ripollés, |c 1898 | ||
| 300 | |a 69 p. ; |c 16 cm | ||
| 650 | |a Conreu |x Adobs |9 48140 | ||
| 901 | |a Arxiu | ||
| 942 | |n 1 | ||
| 952 | |0 0 |1 0 |4 0 |6 1946_EXP_5 |7 1 |9 54348 |a Arxiu |b Arxiu |d 2016-12-01 |l 0 |o 1946, exp. 5 |p 20770 |r 2016-12-01 00:00:00 |w 2016-12-01 |y ARXIU | ||
| 999 | |c 58217 |d 58217 | ||